000 00328nam a22001217a 4500
999 _c13810
_d13810
020 _a9781492078197
082 _a006.31
100 _aLaurence Moroney
245 _aAI and Machine Learning for Coders : A Programmer's Guide to Artificial Intellegence
260 _aUSA
_bO'Reilly
_c2021
300 _axix, 365 pages
942 _cBK